00810nam a2200265 a 4500001001300000003000900013005001700022008004100039020001000080082001900090100002000109245005300129260005400182300000900236500003500245505001000280650002900290650002900319650002900348700002000377902000800397942000700405952011900412999001300531nice12345678IN_TiNIC20260116011305.0050524s1955 u sa grp 000 0 eng  ac10000a305.80954bMAR aMarriott, Mckim aVillage Indiab Studies in the Little Community. aU S abAmerican Anthropological Associationc1955 a269p aincludes index and biblioraphy2 aIndex aIndia-Rural-Anthropology aAnthropology-Rural India aIndia-Rural Anthropology1 aMarriott, Mckim bSRS cBK 001040708StackRoom-aHMIbHMId2007-03-30g100.00l0o305.80954 MARp01995r2007-03-30v100.00w2005-05-24yBK c212d212